[Event "Cuiaba Contaud op"]
[Site "Cuiaba"]
[Date "2023.11.03"]
[Round "4"]
[White "Guimaraes, Mateus Oliveira"]
[Black "Said, Munir Calixto"]
[Result "1-0"]
[WhiteElo "1623"]
[BlackElo "1867"]
[PlyCount "81"]
[EventDate "2023.11.02"]
[EventType "swiss"]
[EventRounds "7"]
[EventCountry "BRA"]
[SourceTitle "CB46_2023"]
[SourceDate "2023.11.15"]
[SourceVersion "1"]
[SourceVersionDate "2023.11.15"]
[SourceQuality "1"]

1. d4 Nf6 2. c4 e6 3. Nf3 Bb4+ 4. Bd2 Bxd2+ 5. Qxd2 Ne4 6. Qc2 d5 7. cxd5 exd5 8. Nc3 Bf5 9. Qb3 Nxc3 10. bxc3 Bc8 11. e3 c6 12. Bd3 0-0 13. 0-0 Nd7 14. c4 dxc4 15. Qxc4 Nf6 16. Rab1 Qd5 17. Qc2 Re8 18. Bc4 Qh5 19. Ne5 Rxe5 20. dxe5 Ng4 21. h3 Nxe5 22. Be2 Qh4 23. f4 Ng6 24. Bf3 Qe7 25. Qe4 Qxe4 26. Bxe4 f5 27. Bf3 Nf8 28. Rfd1 Nd7 29. Rd2 Kf8 30. Kf2 Ke7 31. e4 fxe4 32. Bxe4 Nf6 33. Bf3 a5 34. g4 h6 35. Re1+ Kf7 36. Rb2 Nd5 37. Bxd5+ cxd5 38. Rd1 Ke6 39. Rb6+ Ke7 40. f5 h5 41. Kg3 1-0

[Event "Cacoal Easter op"]
[Site "Cacoal"]
[Date "2022.04.15"]
[Round "1"]
[White "Said, Munir Calixto"]
[Black "Dos Santos, Paulo H Maximo"]
[Result "1-0"]
[WhiteElo "1930"]
[BlackElo "1457"]
[PlyCount "57"]
[EventDate "2022.04.15"]
[EventType "swiss"]
[EventRounds "6"]
[EventCountry "BRA"]
[SourceTitle "CBM 207 Extra"]
[Source "ChessBase"]
[SourceDate "2022.05.31"]
[SourceVersion "1"]
[SourceVersionDate "2022.05.31"]
[SourceQuality "1"]

1. d4 Nf6 2. c4 e6 3. Nc3 Bb4 4. a3 Bxc3+ 5. bxc3 0-0 6. Bg5 c6 7. Qc2 d5 8. e3 Nbd7 9. cxd5 exd5 10. Nf3 Qa5 11. Bd3 Ne4 12. Be7 Re8 13. Bb4 Qc7 14. c4 a5 15. Bd2 Nxd2 16. Bxh7+ Kh8 17. Nxd2 Nf6 18. Bd3 Ng4 19. Nf3 Qf4 20. Ne5 Nxe5 21. exf4 Nxd3+ 22. Kf1 Nxf4 23. cxd5 Nxd5 24. Re1 Bg4 25. f3 Rxe1+ 26. Kxe1 Re8+ 27. Kf2 Bh5 28. Re1 Rd8 29. Qf5 1-0

[Event "Cuiaba op"]
[Site "Cuiaba"]
[Date "2011.10.22"]
[Round "4"]
[White "Molina, Roberto Junio Brito"]
[Black "Said, Munir Calixto"]
[Result "1-0"]
[WhiteElo "2419"]
[BlackElo "1989"]
[PlyCount "77"]
[EventDate "2011.10.21"]
[EventType "swiss"]
[EventRounds "6"]
[EventCountry "BRA"]
[SourceTitle "EXT 2013"]
[Source "ChessBase"]
[SourceDate "2012.11.22"]
[SourceVersion "1"]
[SourceVersionDate "2012.11.22"]
[SourceQuality "1"]

1. d4 Nf6 2. c4 e6 3. Nc3 Bb4 4. Qc2 d5 5. a3 Bxc3+ 6. Qxc3 Nbd7 7. Nf3 Ne4 8. Qc2 Ndf6 9. h3 0-0 10. e3 a5 11. Bd3 c5 12. 0-0 b6 13. b3 Bb7 14. Bb2 Rc8 15. Qe2 Qe7 16. Rac1 Rfd8 17. Rfd1 a4 18. bxa4 Ra8 19. Ne5 Rxa4 20. cxd5 exd5 21. dxc5 bxc5 22. Ng4 Raa8 23. Nxf6+ Nxf6 24. Qc2 Ne4 25. Bxe4 dxe4 26. Rxd8+ Rxd8 27. Qxc5 Qxc5 28. Rxc5 h6 29. Bd4 Ba6 30. a4 Bd3 31. a5 Rb8 32. Kh2 Kh7 33. Rc7 Kg6 34. a6 Ra8 35. a7 Bb1 36. Kg3 Ba2 37. Kf4 Rd8 38. Rc5 Bd5 39. Rxd5 1-0